00253nam a2200109Ia 4500008004100000100002200041245002800063250000800091260002800099300000800127650000800135191201s2012 xx 000 0 und d aROBBINS,Stephen P 0aOrganizational Behavior aimp c2012bpearsonaN. delhi a623 aMBA